000 00306 a2200145 4500
001 177768
020 _a
040 _cMagnum
100 _aLevine, Shar
240 1 0 _aBrincando de einstein
_lpor
245 1 0 _aBrincando de einstein
362 0 _a1899
697 _aMAGNITO: PARADIDATICOS
942 _cBK
999 _c177768
_d177768